Medicina de género : (Record no. 196055)

MARC details
000 -LEADER
campo de control de longitud fija 01822nam a2200433 i 4500
001 - NÚMERO DE CONTROL
campo de control 196055
003 - IDENTIFICADOR DE NÚMERO DE CONTROL
campo de control ES-MaACL
005 - FECHA Y HORA DE LA ÚLTIMA TRANSACCIÓN
campo de control 20250428063010.0
008 - DATOS DE LONGITUD FIJA--INFORMACIÓN GENERAL
campo de control de longitud fija 240810s2017 sp a | |||| 001 0 spa
015 ## - NÚMERO DE BIBLIOGRAFÍA NACIONAL
Número de bibliografía nacional MON17
017 ## - NÚMERO DE COPYRIGHT O DE DEPÓSITO LEGAL
Número de copyright o de depósito legal B 3542-2017
Agencia que asigna Oficina Depósito Legal Barcelona
020 ## - NÚMERO INTERNACIONAL ESTÁNDAR DEL LIBRO
Número Internacional Estándar del Libro 9788417002107
035 ## - NÚMERO DE CONTROL DEL SISTEMA
Número de control de sistema (OCoLC)1027699822
035 ## - NÚMERO DE CONTROL DEL SISTEMA
Número de control de sistema (SpMaBN)a5956847
035 ## - NÚMERO DE CONTROL DEL SISTEMA
Número de control de sistema 991002667219708606
040 ## - FUENTE DE CATALOGACIÓN
Centro catalogador/agencia de origen SpMaBN
Lengua de catalogación spa
Centro/agencia transcriptor SpMaBN
Normas de descripción rdc
080 ## - NÚMERO DE LA CLASIFICACIÓN DECIMAL UNIVERSAL
Número de la Clasificación Decimal Universal 616-055
100 ## - ENTRADA PRINCIPAL--NOMBRE DE PERSONA
Nombre de persona Glezerman, Marek
9 (RLIN) 238064
Término indicativo de función/relación Autor
240 10 - TÍTULO UNIFORME
Título uniforme Gender medicine. The Groundbreaking New Science of Gender- and Sex-Related Diagnosis and Treatment
Lenguaje de la obra Español
245 10 - MENCIÓN DEL TÍTULO
Título Medicina de género :
Resto del título la nueva revolución de la medicina : el papel del sexo en el diagnóstico y el tratamiento de enfermedades /
Mención de responsabilidad, etc. Marek Glezerman ; prólogo de Amos Oz ; traducción de Jorge Rizzo.
250 ## - MENCION DE EDICION
Mención de edición Primera edición: abril de 2017
260 ## - PUBLICACIÓN, DISTRIBUCIÓN, ETC.
Lugar de publicación, distribución, etc. Barcelona :
Nombre del editor, distribuidor, etc. Plataforma,
Fecha de publicación, distribución, etc. 2017.
300 ## - DESCRIPCIÓN FÍSICA
Extensión 327 p. :
Otras características físicas il. ;
Dimensiones 22 cm.
336 ## - TIPO DE CONTENIDO
Término de tipo de contenido Texto (visual)
Fuente isbdcontent
337 ## - TIPO DE MEDIO
Nombre/término del tipo de medio sin mediación
Fuente isbdmedia
338 ## - TIPO DE SOPORTE
Fuente rdacarrier
Nombre/término del tipo de soporte volumen
490 1# - MENCIÓN DE SERIE
Mención de serie Plataforma actual
504 ## - NOTA DE BIBLIOGRAFÍA, ETC.
Nota de bibliografía, etc. Bibliografía: p. 291-317. Índice
594 ## - NOTA AL TITULO Y MENCION DE RESPONSABILIDAD
Nota al título y mención de responsabilidad Título original: Gender medicine. The Groundbreaking New Science of Gender- and Sex-Related Diagnosis and Treatment
650 #0 - PUNTO DE ACCESO ADICIONAL DE MATERIA--TÉRMINO DE MATERIA
Término de materia o nombre geográfico como elemento de entrada Enfermedades-
Subdivisión general Factores sexuales
Fuente del encabezamiento o término embne
9 (RLIN) 238065
700 ## - ENTRADA AGREGADA--NOMBRE PERSONAL
Nombre de persona Rizzo, Jorge
9 (RLIN) 238066
Término indicativo de función/relación Traductor
830 #0 - PUNTO DE ACCESO ADICIONAL DE SERIE-TÍTULO UNIFORME
9 (RLIN) 192007
Título uniforme Plataforma actual
852 ## - LOCALIZACIÓN
Ubicación ES-MaACL
Sublocalización o colección R.151866
Ubicación en estantería Depósito J
Número de control de estantería N-9182
Donativo/Legado Donación: Editorial
Encuadernación Encuadernación rústica con solapas
itemnumber 205087
942 ## - ELEMENTOS DE ENTRADA SECUNDARIOS (KOHA)
Tipo de ítem Koha Libro impreso
Suprimir en OPAC No
Holdings
Estatus retirado Estado de pérdida Fuente del sistema de clasificación o colocación Estado de daño No para préstamo Biblioteca de origen Biblioteca actual Ubicación en estantería Fecha de adquisición Fuente de adquisición Total de préstamos Signatura topográfica completa Código de barras Visto por última vez Precio de reemplazo Tipo de ítem Koha
    Clasificación decimal universal     Biblioteca del Ateneo de Madrid Biblioteca del Ateneo de Madrid Depósito J 26/04/2025 Donación   N-9182 101229922 26/04/2025 26/04/2025 Libro impreso